ATAL BIHARI VAJPAYEE: (Record no. 211880)

MARC details
000 -LEADER
fixed length control field 00596nam a22001937a 4500
005 - DATE AND TIME OF LATEST TRANSACTION
control field 20250617155135.0
010 ## - LCCN (DPL NO)
LC control number ENG-145424
020 ## - INTERNATIONAL STANDARD BOOK NUMBER
International Standard Book Number 9788170495567
Terms of availability 795.00
035 ## - SYSTEM CONTROL NUMBER
System control number EN-128956
037 ## - SOURCE OF ACQUISITION
Source of stock number/acquisition DBAD
082 ## - DEWEY DECIMAL CLASSIFICATION NUMBER
Classification number 921
100 ## - MAIN ENTRY--PERSONAL NAME
Personal name Shrivastava, Mrinalini
245 ## - TITLE STATEMENT
Title ATAL BIHARI VAJPAYEE:
Remainder of title BORN PATRIOT/
Statement of responsibility, etc Mrinalini Shrivastava [and] Rishi vashisht
250 ## - EDITION STATEMENT
Edition statement 1
260 ## - PUBLICATION, DISTRIBUTION, ETC. (IMPRINT)
Date of publication, distribution, etc 2020
Name of publisher, distributor, etc Manas Publication
Place of publication, distribution, etc New Delhi
270 ## - ADDRESS
Address 4402/5-A, Ansari Road (opp. HDFC Bank) Daryaganj
City New Delhi
300 ## - PHYSICAL DESCRIPTION
Extent 295p.
Dimensions 22cm(hb)
942 ## - ADDED ENTRY ELEMENTS (KOHA)
Source of classification or shelving scheme Dewey Decimal Classification
Item type English Books
Call number suffix SHR
Classification part 921
Holdings
Withdrawn status Lost status Not for loan Collection code Home library Current library Date acquired Source of acquisition Cost, normal purchase price Full call number Barcode Copy number Cost, replacement price Koha item type
      Non-fiction Sarojini Nagar Sarojini Nagar 17/06/2025 DBAD 795.00 SHR 921 EN-128956 1 795.00 English Books

© Delhi Public Library
Hit Counter
free hit counter